[Event "St Petersburg Korchnoi Memorial op"]
[Site "St Petersburg"]
[Date "2023.08.23"]
[Round "8"]
[White "Gorlov, Artem"]
[Black "Sek, Konstantin"]
[Result "0-1"]
[WhiteElo "2138"]
[BlackElo "2419"]
[PlyCount "76"]
[EventDate "2023.08.18"]
[EventType "swiss"]
[EventRounds "9"]
[EventCountry "RUS"]
[SourceTitle "EXT 2024"]
[Source "ChessBase"]
[SourceDate "2023.10.10"]
[SourceVersion "1"]
[SourceVersionDate "2023.10.10"]
[SourceQuality "1"]

1. d4 d5 2. c4 e6 3. Nc3 c5 4. cxd5 cxd4 5. Qa4+ Bd7 6. Qxd4 exd5 7. Qxd5 Nf6 8. Qd1 Bc5 9. e3 0-0 10. Nf3 Qe7 11. Be2 Rd8 12. 0-0 Nc6 13. a3 Bf5 14. Qa4 a6 15. Qh4 h6 16. b4 Bd6 17. Bb2 Ne5 18. e4 Be6 19. Rad1 Ng6 20. Nd5 Nxd5 21. Qxe7 Ndxe7 22. Nd4 Nf4 23. Rfe1 Nxe2+ 24. Rxe2 Be5 25. Red2 Bxd4 26. Bxd4 Rac8 27. f4 Bb3 28. Bb6 Re8 29. Rf1 Rc6 30. Be3 Nf5 31. Rf3 Rxe4 32. Bc5 Bc4 33. g3 b6 34. Bf2 Bb5 35. h3 Rc1+ 36. Kh2 Bc6 37. Rd8+ Kh7 38. Rc8 Rec4 0-1

[Event "Thailand op"]
[Site "Chiangmai"]
[Date "2023.07.03"]
[Round "8"]
[White "Sek, Konstantin"]
[Black "Wang, Shixu B"]
[Result "1/2-1/2"]
[WhiteElo "2392"]
[BlackElo "2413"]
[PlyCount "51"]
[EventDate "2023.06.28"]
[EventType "swiss"]
[EventRounds "9"]
[EventCountry "THA"]
[SourceTitle "CBM 215 Extra"]
[Source "ChessBase"]
[SourceDate "2023.09.30"]
[SourceVersion "1"]
[SourceVersionDate "2023.09.30"]
[SourceQuality "1"]

1. e4 c5 2. Nf3 d6 3. Bb5+ Nd7 4. a4 Ngf6 5. Nc3 g6 6. 0-0 Bg7 7. a5 a6 8. Be2 0-0 9. d3 b5 10. axb6 Nxb6 11. Qd2 Bb7 12. Qf4 Ne8 13. Qh4 e5 14. Qxd8 Rxd8 15. Be3 Ra8 16. Rfb1 a5 17. Ra3 Bc6 18. b3 f5 19. Ng5 Bf6 20. Nf3 Rf7 21. Ne1 Ng7 22. Bf3 f4 23. Bd2 Rfa7 24. Nd5 Nxd5 25. exd5 Bd7 26. Be4 1/2-1/2

[Event "Thailand op"]
[Site "Chiangmai"]
[Date "2023.07.02"]
[Round "7"]
[White "Sek, Konstantin"]
[Black "Kulpruethanon, Thanadon"]
[Result "1-0"]
[WhiteElo "2392"]
[BlackElo "2230"]
[PlyCount "69"]
[EventDate "2023.06.28"]
[EventType "swiss"]
[EventRounds "9"]
[EventCountry "THA"]
[SourceTitle "CBM 215 Extra"]
[Source "ChessBase"]
[SourceDate "2023.09.30"]
[SourceVersion "1"]
[SourceVersionDate "2023.09.30"]
[SourceQuality "1"]

1. e4 e5 2. Nf3 Nc6 3. Bb5 a6 4. Ba4 Nf6 5. 0-0 Be7 6. Bxc6 dxc6 7. d3 Qd6 8. h3 h6 9. Nc3 c5 10. Be3 Qe6 11. Nh4 Qc6 12. f4 exf4 13. Bxf4 Be6 14. Bg3 0-0-0 15. Qf3 Rdg8 16. Nf5 Bd8 17. d4 cxd4 18. Nxd4 Qc4 19. Rad1 Be7 20. b3 Qc5 21. Na4 Qa5 22. e5 Nd7 23. Kh2 Bd5 24. Qe3 Bg5 25. Qe2 b5 26. Be1 b4 27. a3 Bb7 28. Rf5 Re8 29. e6 Ne5 30. axb4 Qd5 31. Rxe5 Bf4+ 32. Bg3 Bxe5 33. Bxe5 fxe6 34. Nc5 Rd8 35. c4 1-0

[Event "Thailand op"]
[Site "Chiangmai"]
[Date "2023.06.30"]
[Round "4"]
[White "Chernyavsky, Alexander"]
[Black "Sek, Konstantin"]
[Result "1-0"]
[WhiteElo "2359"]
[BlackElo "2392"]
[PlyCount "80"]
[EventDate "2023.06.28"]
[EventType "swiss"]
[EventRounds "9"]
[EventCountry "THA"]
[SourceTitle "CBM 215 Extra"]
[Source "ChessBase"]
[SourceDate "2023.09.30"]
[SourceVersion "1"]
[SourceVersionDate "2023.09.30"]
[SourceQuality "1"]

1. d4 Nf6 2. c4 c5 3. d5 e6 4. Nc3 exd5 5. cxd5 d6 6. e4 g6 7. f4 Bg7 8. Bb5+ Nfd7 9. a4 0-0 10. Nf3 Na6 11. 0-0 Nb4 12. Be3 a6 13. Be2 Re8 14. Bf2 f5 15. e5 dxe5 16. d6 exf4 17. Re1 Kh8 18. Qd2 h6 19. Bc4 g5 20. Rxe8+ Qxe8 21. Re1 Qf8 22. Re7 Nc6 23. Qe2 Nf6 24. Bxc5 Bd7 25. Ne5 Nxe7 26. dxe7 Qc8 27. b4 Kh7 28. Nxd7 Qxd7 29. Be6 Qc6 30. Bxf5+ Kh8 31. Ne4 Ne8 32. Qh5 b6 33. Qf7 Nc7 34. Nd6 Qxa4 35. h3 Qa1+ 36. Kh2 f3 37. Qg6 Qe5+ 38. Kh1 fxg2+ 39. Kxg2 Qd5+ 40. Be4 Qd1 1-0

[Event "Bangkok Big Rook op"]
[Site "Bangkok"]
[Date "2023.05.07"]
[Round "7"]
[White "Chernyavsky, Alexander"]
[Black "Sek, Konstantin"]
[Result "1-0"]
[WhiteElo "2339"]
[BlackElo "2425"]
[PlyCount "95"]
[EventDate "2023.05.04"]
[EventType "swiss"]
[EventRounds "7"]
[EventCountry "THA"]
[SourceTitle "CBM 214 Extra"]
[Source "ChessBase"]
[SourceDate "2023.07.31"]
[SourceVersion "1"]
[SourceVersionDate "2023.07.31"]
[SourceQuality "1"]

1. c4 e5 2. Nc3 Nf6 3. g3 d5 4. cxd5 Nxd5 5. Bg2 Nb6 6. d3 Be7 7. a3 0-0 8. Nf3 a5 9. Nxe5 a4 10. 0-0 c6 11. e4 Be6 12. Be3 Bb3 13. Qe2 Ra5 14. f4 f6 15. Nf3 c5 16. Rfc1 Nc6 17. Nb1 Bf7 18. Nbd2 Qd7 19. Bf1 Rd8 20. Rc2 Na8 21. Rac1 b6 22. h3 Ra7 23. Nc4 Qe8 24. Kh2 Rad7 25. Rd1 Qf8 26. Rdc1 Rxd3 27. Qxd3 Rxd3 28. Bxd3 b5 29. Ncd2 c4 30. Nxc4 bxc4 31. Bxc4 Nd8 32. Bf1 Qe8 33. Rc8 Qd7 34. Rxa8 Qb7 35. Rcc8 Be6 36. Rxd8+ Bxd8 37. Rxd8+ Kf7 38. f5 Ba2 39. Bg2 Qxb2 40. Bc5 g6 41. Rf8+ Kg7 42. e5 gxf5 43. exf6+ Kg6 44. Nh4+ Kh5 45. Nxf5 Kg6 46. Ne7+ Kh5 47. g4+ Kh4 48. Nf5+ 1-0

[Event "Bangkok Big Rook op"]
[Site "Bangkok"]
[Date "2023.05.05"]
[Round "2"]
[White "Marin, Sam"]
[Black "Sek, Konstantin"]
[Result "1-0"]
[WhiteElo "2046"]
[BlackElo "2425"]
[PlyCount "175"]
[EventDate "2023.05.04"]
[EventType "swiss"]
[EventRounds "7"]
[EventCountry "THA"]
[SourceTitle "CBM 214 Extra"]
[Source "ChessBase"]
[SourceDate "2023.07.31"]
[SourceVersion "1"]
[SourceVersionDate "2023.07.31"]
[SourceQuality "1"]

1. c4 Nf6 2. Nc3 c5 3. Nf3 Nc6 4. d4 cxd4 5. Nxd4 e6 6. Ndb5 d6 7. Bf4 e5 8. Bg5 a6 9. Bxf6 gxf6 10. Na3 f5 11. g3 Bg7 12. e4 0-0 13. Bg2 fxe4 14. Bxe4 f5 15. Bd5+ Kh8 16. 0-0 e4 17. Nc2 Ne5 18. Rb1 Nf3+ 19. Kh1 Qg5 20. Ne1 Nxh2 21. Kxh2 f4 22. Nxe4 Qh6+ 23. Kg1 Bh3 24. Nc2 Be5 25. Re1 Rf5 26. g4 Bg2 27. f3 Qh1+ 28. Kf2 Qh2 29. Ke2 Rff8 30. Kd3 b5 31. b3 Rab8 32. Qe2 Qh3 33. Ng5 Qh4 34. Nf7+ Rxf7 35. Bxf7 Bh3 36. Rh1 Bg7 37. Qe1 Qf6 38. Bd5 Bg2 39. Rh2 bxc4+ 40. bxc4 Bf1+ 41. Qxf1 Qc3+ 42. Ke4 Re8+ 43. Be6 Rxe6+ 44. Kd5 Qe5+ 45. Kc6 d5+ 46. Kb7 Qd6 47. Rxh7+ Kxh7 48. Qd3+ Kh8 49. Qxd5 Re7+ 50. Ka8 Re8+ 51. Ka7 Re7+ 52. Rb7 Rxb7+ 53. Kxb7 Qe7+ 54. Kxa6 Qf6+ 55. Kb5 Qb2+ 56. Nb4 Bc3 57. Qa8+ Kg7 58. Qa4 Qe2 59. Qa7+ Kg6 60. Qb6+ Kg5 61. Qd8+ Bf6 62. Qd3 Qe8+ 63. Nc6 Kh4 64. a4 Qf7 65. a5 Qb7+ 66. Kc5 Bg7 67. Qd8+ Kg3 68. Qe7 Qb2 69. a6 Bd4+ 70. Nxd4 Qa3+ 71. Kd5 Qxa6 72. Ne2+ Kxf3 73. Qe4+ Kf2 74. Nxf4 Kg3 75. Ne2+ Kh4 76. g5+ Kh5 77. Qh1+ Kxg5 78. Qg1+ Kh6 79. Qh2+ Kg7 80. Qe5+ Kf7 81. Nd4 Qa2 82. Qe6+ Kf8 83. Kd6 Qa6+ 84. Nc6 Qa3+ 85. c5 Qd3+ 86. Kc7 Qb5 87. Qf6+ Kg8 88. Ne7+ 1-0

[Event "Bangkok Blue Chevaliers op"]
[Site "Bangkok"]
[Date "2023.04.16"]
[Round "7"]
[White "Makarov, Nikolay Val"]
[Black "Sek, Konstantin"]
[Result "1-0"]
[WhiteElo "2223"]
[BlackElo "2434"]
[PlyCount "93"]
[EventDate "2023.04.12"]
[EventType "swiss"]
[EventRounds "9"]
[EventCountry "THA"]
[SourceTitle "EXT 2024"]
[Source "ChessBase"]
[SourceDate "2023.10.10"]
[SourceVersion "1"]
[SourceVersionDate "2023.10.10"]
[SourceQuality "1"]

1. e4 e5 2. Nf3 Nc6 3. d4 exd4 4. Bc4 Nf6 5. 0-0 Nxe4 6. Re1 d5 7. Bxd5 Qxd5 8. Nc3 Qh5 9. Nxe4 Be6 10. Bg5 h6 11. Bf6 Qg6 12. Nh4 Qh7 13. Qh5 Kd7 14. Rad1 Kc8 15. Bxd4 Be7 16. Nc5 Bxc5 17. Qxc5 Rd8 18. Be3 Rg8 19. b4 a6 20. Bd4 Bg4 21. Rd3 g5 22. Rde3 gxh4 23. Re8+ Rxe8 24. Rxe8+ Kd7 25. Rxa8 Qe4 26. Be3 Be6 27. a3 h3 28. Rg8 hxg2 29. Rg3 b6 30. Qc3 Ke7 31. Qd3 Qe5 32. f4 Qh5 33. Kxg2 Bf5 34. Qd2 Be4+ 35. Kg1 Qf5 36. c4 Qe6 37. b5 Na5 38. Rg8 Nb7 39. bxa6 Nd6 40. a7 Qf5 41. c5 bxc5 42. Qc3 Kd7 43. Qe5 Qh7 44. Rg7 Qh8 45. Bxc5 Qa8 46. Bxd6 Qxa7+ 47. Bc5 1-0

[Event "Manny Pacquiao op"]
[Site "General Santos City"]
[Date "2022.12.13"]
[Round "1"]
[White "Sek, Konstantin"]
[Black "Caunti, Rosauro F"]
[Result "1-0"]
[WhiteElo "2426"]
[BlackElo "1895"]
[PlyCount "55"]
[EventDate "2022.12.13"]
[EventType "swiss"]
[EventRounds "9"]
[EventCountry "PHI"]
[SourceTitle "EXT 2024"]
[Source "ChessBase"]
[SourceDate "2023.10.10"]
[SourceVersion "1"]
[SourceVersionDate "2023.10.10"]
[SourceQuality "1"]

1. e4 c5 2. Nf3 g6 3. d4 cxd4 4. Qxd4 Nf6 5. e5 Nc6 6. Qf4 Nd5 7. Qe4 Nc7 8. Nc3 Bg7 9. Bf4 Ne6 10. 0-0-0 Nxf4 11. Qxf4 Qa5 12. Rd5 Qb4 13. Ne4 h5 14. Bc4 a6 15. Kb1 b5 16. Nfg5 0-0 17. Bb3 e6 18. Rc5 Bb7 19. a3 Qd4 20. c3 Qd3+ 21. Bc2 Qe2 22. Nf3 d5 23. Re1 Bxe5 24. Nf6+ Bxf6 25. Rxe2 Kg7 26. Qc7 Rab8 27. Rxc6 Rfc8 28. Qxb7 1-0

[Event "St Petersburg Amir Cup Rapid"]
[Site "St Petersburg"]
[Date "2021.05.22"]
[Round "7"]
[White "Gabitov, Ruslan"]
[Black "Sek, Konstantin"]
[Result "0-1"]
[WhiteElo "2150"]
[BlackElo "2432"]
[PlyCount "59"]
[EventDate "2021.05.22"]
[EventType "swiss (rapid)"]
[EventRounds "9"]
[EventCountry "RUS"]
[SourceTitle "CBM 202 Extra"]
[Source "ChessBase"]
[SourceDate "2021.07.31"]
[SourceVersion "1"]
[SourceVersionDate "2021.07.31"]
[SourceQuality "1"]

1. e4 e5 2. Bc4 Nf6 3. d3 Nc6 4. Nc3 Na5 5. Nge2 Be7 6. 0-0 0-0 7. a3 Nxc4 8. dxc4 d6 9. h3 Be6 10. Qd3 c6 11. Rd1 Nd7 12. b3 f5 13. exf5 Bxf5 14. Qd2 Nc5 15. Ng3 Bg6 16. Qe2 Ne6 17. Be3 Qe8 18. Nce4 Rd8 19. Bxa7 Nf4 20. Qd2 d5 21. cxd5 cxd5 22. Nc3 Qc6 23. Na4 d4 24. f3 b5 25. Nb2 Rd7 26. Qe1 Rxa7 27. Nd3 Qxc2 28. Nxf4 exf4 29. Rac1 Qxb3 30. Qe6+ 0-1

[Event "EU-ch Online 2300+ Final"]
[Site "Chess.com INT"]
[Date "2020.05.30"]
[Round "7"]
[White "Nasuta, Grzegorz"]
[Black "Sek, Konstantin"]
[Result "1-0"]
[WhiteElo "2558"]
[BlackElo "2432"]
[PlyCount "87"]
[EventDate "2020.05.30"]
[EventType "swiss"]
[EventRounds "8"]
[EventCountry "NET"]
[SourceTitle "CBM 196 Extra"]
[Source "ChessBase"]
[SourceDate "2020.07.31"]
[SourceVersion "1"]
[SourceVersionDate "2020.07.31"]
[SourceQuality "1"]

1. e4 e5 2. Nf3 Nc6 3. Bc4 Nf6 4. d3 Be7 5. 0-0 0-0 6. a4 d6 7. a5 a6 8. h3 Be6 9. Nbd2 h6 10. c3 d5 11. exd5 Nxd5 12. Re1 Bf6 13. Ne4 Be7 14. Ng3 Qd6 15. Qe2 Nf4 16. Bxf4 exf4 17. Ne4 Qd7 18. Bxe6 Qxe6 19. d4 Rad8 20. Ned2 Qd7 21. Nc4 Rfe8 22. Nfe5 Nxe5 23. Nxe5 Qd5 24. Qf3 Qxf3 25. Nxf3 Bd6 26. b4 c6 27. Kf1 f6 28. Rxe8+ Rxe8 29. Re1 Rd8 30. Ke2 Kf7 31. Nd2 g5 32. Ne4 f5 33. Nxd6+ Rxd6 34. Kd3 Re6 35. Rxe6 Kxe6 36. f3 h5 37. c4 Kd6 38. c5+ Kd5 39. Kc3 g4 40. h4 Ke6 41. Kc4 Kf6 42. d5 Ke5 43. d6 Ke6 44. Kd4 1-0